00254nam a2200097Ia 4500008004100000245002400041245001900065260000900084650001600093856004700109160523s9999 xx 000 0 und d aPerfection Syndrome c Teymur Roshdi c2011 xPsychology. uhttp://www.smashwords.com/books/view/40354